Third-most Famous Person by Decade - Statistics

General Stats
  • This quiz has been taken 45 times
  • The average score is 22 of 57
Answer Stats
Decade #1 #2 #3 Known as Born in (today) % Correct
1980s Lady Gaga Messi Cristiano Ronaldo footballer Portugal
92%
1970s Eminem Macron Elon Musk businessman South Africa
83%
1930s Elvis Armstrong Yuri Gagarin cosmonaut Russia
81%
1950s Jackson Putin Angela Merkel leader Germany
78%
1920s Elizabeth II M. Monroe Che Guevara revolutionary Argentina
75%
1960s Obama Naruhito Diego Maradona footballer Argentina
75%
1900s Dalí Disney Frida Kahlo painter Mexico
75%
1850s van Gogh Freud Nikola Tesla inventor Croatia
75%
1940s Trump Bush Joe Biden leader United States
72%
1910s Reagan Mandela John F. Kennedy leader United States
69%
1870s Einstein Lenin Joseph Stalin leader Georgia
69%
1880s Hitler Picasso Mustafa Kemal Atatürk leader Turkey
64%
1840s Edison Nietzsche Pyotr Tchaikovsky composer Russia
64%
1720s Kant Cook Adam Smith economist United Kingdom
61%
1810s Marx Dickens Frédéric Chopin composer Poland
61%
1490s Cartier Suleiman I Henry VIII monarch United Kingdom
61%
1740s Goethe Goya Thomas Jefferson leader US
61%
1830s Twain Nobel Dmitri Mendeleev chemist Russia
56%
1750s Mozart J. Monroe James Madison leader United States
56%
1990s Bieber Gomez Malala Yousafzai activist Pakistan
56%
1760s Napoleon Hokusai Andrew Jackson leader United States
53%
1700s Linnaeus Euler Benjamin Franklin polymath US
53%
1800s Darwin Lincoln Victor Hugo writer France
47%
1660s Defoe Swift Anne of Great Britain monarch United Kingdom
44%
1480s Luther Raphael Ferdinand Magellan explorer Portugal
42%
1590s Descartes Velázquez Oliver Cromwell politician United Kingdom
42%
1820s Tolstoy Dostoevsky Louis Pasteur chemist France
39%
1860s Gandhi Curie Anton Chekhov playwright Russia
36%
1730s Washington J. Adams James Watt inventor United Kingdom
33%
1450s Leonardo Columbus Amerigo Vespucci explorer Italy
31%
1770s Beethoven Gauß Jane Austen writer United Kingdom
31%
1780s Lord Byron Bolívar Martin Van Buren leader United States
31%
1500s Calvin Charles V Nostradamus astrologer France
31%
1640s Newton Bashō Gottfried Wilhelm Leibniz mathematician Germany
28%
1470s Michelangelo Copernicus Albrecht Dürer painter Germany
25%
1630s Locke Louis XIV Baruch de Spinoza philosopher Netherlands
25%
1460s da Gama Machiavelli Erasmus theologian Netherlands
22%
1790s Faraday Pushkin Franz Schubert composer Austria
22%
1680s Bach Händel Montesquieu philosopher France
22%
1510s Mary I Vasari Catherine de' Medici queen Italy
19%
1560s Shakespeare Galileo Francis Bacon philosopher United Kingdom
19%
1570s Kepler Rubens Caravaggio painter Italy
17%
1600s Rembrandt Tasman John Milton poet United Kingdom
17%
1890s Mao de Gaulle J. R. R. Tolkien writer United Kingdom
17%
1670s Vivaldi Peter I Benedict XIV pope Italy
14%
1650s Halley William III Clement XII pope Italy
14%
1690s Voltaire Anna Clement XIII pope Italy
14%
1710s Rousseau Hume Denis Diderot writer France
14%
2000s Greta Eilish Erling Haaland footballer United Kingdom
14%
1620s Molière Pascal Robert Boyle scientist Ireland
8%
1520s Palestrina Philip II Luís de Camões writer Portugal
6%
1610s Innocent XI Aurangzeb Bartolomé Esteban Murillo painter Spain
3%
2010s George Charlotte Estelle of Sweden princess Sweden
3%
1580s Hobbes Richelieu Hugo Grotius philosopher Netherlands
3%
1550s Henry IV Paul V John Napier mathematician United Kingdom
3%
1530s Elizabeth I Ivan IV Michel de Montaigne philosopher France
3%
1540s Cervantes Akbar Giordano Bruno philosopher Italy
0%
No matching quizzes found
Score Distribution
Percent of People with Each Score
Percentile by Number Answered
Your Score History
You have not taken this quiz